Carregando...
X-ray fluorescence analysis of environmental samples
| Autor principal: | |
|---|---|
| Formato: | Printed Book |
| Idioma: | Undetermined English |
| Publicado em: |
Michigan
Ann Arbor Science
1978
|
| Assuntos: |
| LEADER | 00623nam a2200181Ia 4500 | ||
|---|---|---|---|
| 008 | 140306s9999 xx 000 0 und d | ||
| 041 | |a eng | ||
| 082 | |a 574 .5 |b DZU/XRA | ||
| 100 | |a Dzubay, T G | ||
| 245 | |a X-ray fluorescence analysis of environmental samples | ||
| 260 | |a Michigan |b Ann Arbor Science |c 1978 | ||
| 300 | |a 310 | ||
| 365 | |b Rs .465 | ||
| 650 | |a Multiwavelength spectrometer | ||
| 650 | |a wavelenght disperson | ||
| 942 | |2 ddc |c BK | ||
| 999 | |c 115038 |d 115038 | ||
| 952 | |0 0 |1 0 |2 ddc |4 0 |6 574__500000000000000_DZUXRA |7 0 |9 113370 |a KAUHCV |b KAUHCV |d 2002-04-23 |g 465.00 |o 574 .5 DZU/XRA |p KAU_HCV-15897 |r 2014-03-22 |w 2014-03-22 |y BK | ||